Foreword ; List of publications by Professor V. Minorsky

Elmentve itt :
Bibliográfiai részletek
Szerző: Minorsky Vladimir
Dokumentumtípus: Cikk
Megjelent: 1964
Sorozat:Iranica : twenty articles
Kulcsszavak:Iranisztika - bibliográfia, Keletkutatás - bibliográfia
Tárgyszavak:
Online Access:http://misc.bibl.u-szeged.hu/62314
LEADER 00771nab a2200217 i 4500
001 misc62314
005 20230117152937.0
008 220804s1964 hu o 0|| eng d
040 |a SZTE Miscellanea Repozitórium  |b hun 
041 |a eng 
100 1 |a Minorsky Vladimir 
245 1 0 |a Foreword ; List of publications by Professor V. Minorsky  |h [elektronikus dokumentum] /  |c  Minorsky Vladimir 
260 |c 1964 
300 |a [26] p.  |c 25 cm 
490 0 |a Iranica : twenty articles 
561 |a Németh Gyula hagyaték 
591 |a LOB 2451; NOB 3756 
650 4 |a Bölcsészettudományok 
650 4 |a Nyelvek és irodalom 
695 |a Iranisztika - bibliográfia, Keletkutatás - bibliográfia 
856 4 0 |u http://misc.bibl.u-szeged.hu/62314/1/3756_nob_m69.pdf  |z Dokumentum-elérés